000 00639nam a2200241Ia 4500
003 OSt
005 20221007071835.0
006 a|||||r|||| 00| 0
007 ta
008 221006b |||||||| |||| 00| 0 eng d
024 _a13,737
037 _cTextual
040 _aFLL
_cFLL
_beng
041 _2eng
_aeng
082 _aV8:2:9Z, L2
100 _aHoward Colin Au.
_9686147
245 0 _aAustralian federal constitutional law
250 _a2nd
260 _aLondon
_bLaw book comp. London
_c1972
300 _axxxvii,535p
_ccm.
942 _hV8:2:9Z, L2
_cTEXL
_2CC
999 _c1144463
_d1144463